000 nam a22 a 4500
999 _c2257
_d2257
003 AKMAL
005 20170515163719.0
008 170515s2000 my 00 eng d
020 _a9834031513 (pbk.):
_cRM10.00
040 _aAKMAL
082 0 4 _a381.33 MOH
_221
090 0 0 _a381.33
_bMOH
100 0 _aMohd. Hamdan Adnan
_94727
245 1 0 _aUnderstanding consumerism /
_cMohd Hamdan Hj. Adnan
260 _aPetaling Jaya :
_bFederation of Malaysian Consumers Associations (FOMCA),
_c2000
300 0 0 _aix, 86p. ;
_c21cm
504 _aBibliography: p. 82-85
650 0 _aConsumers
_zMalaysia
_94757
650 0 _aConsumers education
_zMalaysia
_94758
710 2 _aGabungan Persatuan Pengguna-Pengguna Malaysia
_94730
942 _2ddc
_cBOOK